000
00314nam a2200121Ia 4500
008
190216s9999||||xx |||||||||||||| ||und||
100
_a
Nakkiran S & Selvaraj R
245
0
_a
Research Methods In Social Science
260
_b
Himalaya Publishing House
_c
2001
300
_a
230p
650
_a
Commerce
942
_c
BK
999
_c
6233
_d
6233